1073 1881 1024 1693 1380 1814 1192 1675 1795 1696 1091 1379 1028 1398 1687 1932 1048 1760 1819 1002 1108 1757 1153 1290 1095 1851 1980 1166 1293 1730 1878 1741 1474 1998 1953 1492 1816 1362 1681 1917 1638 1965 1998 1627 1695 1270 1018 1498 1510 1786 1496 1525 1526 1280 1539 1985 1965 1795 1079 1251 1779 1347 1531 1289 1342 1505 1352 1150 1917 1085 1628 1632 1017 1553 1849 1872 1325 1423 1064 1898 1787 1245 1432 1016 1826 1804 1171 1045 1863 1286 1403 1337 1377 1584 1474 1850 1885 1400 1490 BCNSPRNW ULIB Ver.6.0+V

เปลี่ยนเป็นภาษาไทย

Change to English
 แสดงรายละเอียดบรรณานุกรม
  กลับหน้าหลัก

Brief Record : Get Marc (ISO 2709) : E-mail record : QR code < ปิดหน้าต่าง
LEADER : 00000nam 2200000uu 4500
001    13399113613
003     ULIB
008    111201s2551||||th 000 0 tha d
020    ^a9789740674641
090    ^aนว.^bณ410ก 2551
100 0  ^aณารา
245 00 ^aกาลเวลา สงคราม ความรัก 3 ตอน ทายาทแห่งมาซิดอน/^cณารา
250    ^aพิมพ์ครั้งที่ 1
260    ^aกรุงเทพฯ :^bพิมพ์คำ,^c2551
300    ^a552 หน้า
710 1  ^aพิมพ์คำ
945    ^p300^l0^i16169
995    ^aกัณชพร
999    ^aใช้งานได้ทุกระบบ
รายการนี้ยังไม่มีแท็ก
คุณยังไม่ได้ล็อกอิน คุณสามารถมีกิจกรรมร่วมกับเว็บไซต์ได้ แต่ต้องล็อกอินก่อน ::
  ล็อกอิน

รายการสื่อสารสนเทศ

ลำดับที่ ประเภท เลขเรียก/บาร์โค้ด สถานที่ สถานะ
1. นวนิยาย
นวนิยาย
นว. ณ410ก 2551 ฉ.1 
  Barcode: 16169
ห้องสมุดวิทยาเขตสวรรค์ประชารักษ์
►นวนิยาย
บนชั้น
  ขอยืม

รายการใกล้เคียง
    ผู้แต่ง [ณารา]

BibComment


ยังไม่เคยถูกคอมเมนท์

คอมเมนท์ทรัพยากรรายการนี้
  คอมเมนท์: กาลเวลา สงคราม ค..


 Copyright 2026. Bcnsprnw @Library